00648nam a2200181 i 450000100060000000300090000600500170001500700030003200800410003510000260007624500960010226000350019830000300023370000320026385200320029599900170032795201220034484594ES-MaACL20230906175038.0t|041123s1965 sp ||||1| spa d1 aJanick, Jules.96602110aHorticultura científica e industrial / cJules Janick ; traducido por Horacio Marco Moll. aZaragoza : bAcribia, c[1965] a564 p. : bil. ; c24 cm.1 aMarco Moll, Horacio.976486 aES-MaACLjC-28015 bR.56949 c84594d84594 00104070aATENEOMbATENEOMcDEPO2d2008-01-17eSCl0oC-28015p1088405r2023-02-23 00:00:00w2023-02-23yMONOGRAFIA